| 000 | 01034cam a22002174a 4500 | ||
|---|---|---|---|
| 005 | 20250605164013.0 | ||
| 008 | 250528s ||||||||||||||||||||||||d | ||
| 035 | _a16017 | ||
| 020 | _a135562678 | ||
| 040 |
_aGR-AtMCL _bgre _dGR-AtMCL _eAACR2 |
||
| 245 | 1 | _aMarketing Management / Analysis, Planning, Implementation, and Control | |
| 250 | _a6th | ||
| 260 |
_bPrentice Hall International, _c1988 |
||
| 300 | _a778 | ||
| 505 | 0 | _aUnderstanding Marketing Management, Analyzing Marketing Opportunities, Researching and Selecting Target Markets, Designing Marketing Strategies, Planning Marketing Programs, Organizing and Implementing and Controlling Marketing Effort, Indices. | |
| 520 | _aUnderstanding Marketing Management, Analyzing Marketing Opportunities, Researching and Selecting Target Markets, Designing Marketing Strategies, Planning Marketing Programs, Organizing and Implementing and Controlling Marketing Effort, Indices. | ||
| 700 | 1 |
_aKotler Philip _91146 |
|
| 942 | _cBK | ||
| 999 |
_c1561 _d1561 |
||